|
|
|
|
| LEADER |
00000nam0a2200000 4500 |
| 001 |
157364 |
| 005 |
20231031153730.0 |
| 010 |
|
|
|a 9785996300075
|b (в пер.)
|b 2000 экз.
|
| 021 |
|
|
|a RU
|b 09-12203
|9 09-720
|
| 035 |
|
|
|a (RuTPU)RU\TPU\book\170688
|
| 090 |
|
|
|a 157364
|
| 100 |
|
|
|a 20090330d2009 m y0rusy5002 ca
|
| 101 |
0 |
|
|a rus
|
| 102 |
|
|
|a RU
|
| 105 |
|
|
|a a j 001zy
|
| 200 |
1 |
|
|a Онтологии и тезаурусы: модели, инструменты, приложения
|e учебное пособие
|f Б. В. Добров [и др.]
|
| 210 |
|
|
|a Москва
|c Интернет-ун-т информационных технологий
|c БИНОМ. Лаборатория знаний
|d 2009
|
| 215 |
|
|
|a 172 с.
|c ил.
|d 22 см.
|
| 225 |
1 |
|
|a Основы информационных технологий
|
| 320 |
|
|
|a Библиогр.: с. 161-172.
|
| 330 |
|
|
|a В книге впервые на русском языке в систематизированной форме излагаются теоретические и практические вопросы использования онтологии и тезаурусов как способов организации информации и знаний в современных информационных системах. На конкретных примерах проиллюстрирован процесс проектирования онтологии. Учебный курс, разработанный на основе материалов книги, получил гриф УМО по специальности «Прикладная математика и информатика», а также вошел в число победителей конкурсов учебных курсов, проведенных фирмами Майкрософт и Яндекс в 2006 году. Книга может использоваться для поддержки соответствующих курсов на факультетах ВМК и филологии в классических и педагогических университетах.
|
| 606 |
0 |
|
|a Информационные системы автоматизированные
|x Учебники и пособия
|2 RuMRKP
|
| 606 |
1 |
|
|a Информатика
|2 stltpush
|3 (RuTPU)RU\TPU\subj\36202
|
| 610 |
1 |
|
|a информационные технологии
|
| 610 |
1 |
|
|a онтологии
|
| 610 |
1 |
|
|a классификация
|
| 610 |
1 |
|
|a SemanticWeb
|
| 610 |
1 |
|
|a предметные области
|
| 610 |
1 |
|
|a языки описания
|
| 610 |
1 |
|
|a синтаксическая структура
|
| 610 |
1 |
|
|a проектирование
|
| 610 |
1 |
|
|a инструментальные средства
|
| 610 |
1 |
|
|a лингвистические онтологии
|
| 610 |
1 |
|
|a WordNet
|
| 610 |
1 |
|
|a информационно-поисковые тезаурусы
|
| 610 |
1 |
|
|a тексты
|
| 610 |
1 |
|
|a автоматическая обработка
|
| 610 |
1 |
|
|a учебные пособия
|
| 675 |
|
|
|a 681.3.01(075.8)
|v 3
|z rus
|
| 701 |
|
1 |
|a Добров
|b Б. В.
|g Борис Викторович
|4 070
|
| 701 |
|
1 |
|a Иванов
|b В. В.
|g Владимир Владимирович
|4 070
|
| 701 |
|
1 |
|a Лукашевич
|b Н. В.
|g Наталья Валентиновна
|4 070
|
| 701 |
|
1 |
|a Соловьев
|b В. Д.
|g Валерий Дмитриевич
|4 070
|
| 801 |
|
1 |
|a RU
|b 63413507
|c 20090407
|g PSBO
|
| 801 |
|
2 |
|a RU
|b 63413507
|c 20090616
|g PSBO
|
| 900 |
|
|
|a Информационные технологии
|
| 942 |
|
|
|c BK
|
| 951 |
|
|
|a 510200
|b 010500
|b 010501
|
| 959 |
|
|
|a 45/20090406
|d 1
|e 198,00
|f НФ:1
|